| 000 | 00000nam##2200000za#4500 |
| 001 | 9.598010 |
| 003 | CaOODSP |
| 005 | 20210624204327 |
| 007 | cr ||||||||||| |
| 008 | 150406|1999||||xxc|||||o f|0| 0 fre|d |
| 040 | |aCaOODSP|bfre |
| 043 | |an-cn--- |
| 086 | 1 |aTU3-5/99-32F-PDF |
| 110 | 2 |aBureau de la sécurité des transports du Canada. |
| 245 | 10|aAtterrissage court du Airbus A320-211 C-FKCO d'Air Canada à St. John's (Terre-Neuve) le 24 septembre 1999 |h[ressource électronique] |
| 260 | |aGatineau - Québec : |bBureau de la sécurité des transports du Canada |c[2001]. |
| 300 | |a10p. |
| 490 | 1 |aRapport d'enquête aéronautique |vA99A0131 |
| 590 | |a10-10-Supp|b2010-11-09 |
| 775 | 08|tLanding short - Air Canada Airbus A320-211 C-FKCO, St. John's, Newfoundland, 24 September 1999 |w(CaOODSP)9.566539 |
| 830 | #0|aRapport d'enquête aéronautique ;|vA99A0131|w(CaOODSP)9.501229 |
| 856 | 40|ahttp://publications.gc.ca|qPDF|s45 Ko|uhttps://publications.gc.ca/collections/collection_2009/bst-tsb/TU3-5-99-32F.pdf|yA99A0131 |